Statistics for Top 30 NBA 2018-19 Small Forwards

Click here to take the quiz!

General Stats

  • This quiz has been taken 484 times
  • The average score is 18 of 30

Answer Stats

Rank Player Team % Correct
1LeBron JamesLakers
99%
2Kevin DurantWarriors
98%
4Kawhi LeonardRaptors
98%
3Giannis AntetokounmpoBucks
97%
5Paul GeorgeThunder
97%
6Jayson TatumCeltics
92%
7Khris MiddletonBucks
91%
9Gordon HaywardCeltics
85%
15Andrew WigginsTimberwolves
79%
11Brandon IngramLakers
76%
8Otto PorterWizards
73%
10Joe InglesJazz
72%
13Andre IguodalaWarriors
69%
14Harrison BarnesMavericks
56%
12Robert CovingtonTimberwolves
52%
17Josh RichardsonHeat
51%
18Danilo GallinariClippers
49%
16Trevor ArizaSuns
48%
30P.J. TuckerRockets
47%
25Bojan BogdanovicPacers
45%
20Josh JacksonSuns
40%
22Rudy GaySpurs
38%
29Justise WinslowHeat
38%
27Taurean PrinceHawks
34%
26DeMarre CarrollNets
29%
24Jae CrowderJazz
27%
28Michael Kidd-GilchristHornets
26%
19Kyle AndersonGrizzlies
25%
21O.G. AnunobyRaptors
25%
23Luc Mbah a MouteClippers
7%

Score Distribution

Percentile by Number Answered

Percent of People with Each Score

Your Score History

You have not taken this quiz